<?xml version="1.0" encoding="UTF-8"?>
<record
    xmlns:xsi="http://www.w3.org/2001/XMLSchema-instance"
    xsi:schemaLocation="http://www.loc.gov/MARC21/slim http://www.loc.gov/standards/marcxml/schema/MARC21slim.xsd"
    xmlns="http://www.loc.gov/MARC21/slim">

  <leader>01052naa a2200253   4500</leader>
  <controlfield tag="005">20110810145620.0</controlfield>
  <controlfield tag="008">110810t        xxu||||| |||| 00| 0 eng d</controlfield>
  <datafield tag="010" ind1=" " ind2=" ">
    <subfield code="a">ENG-103376</subfield>
  </datafield>
  <datafield tag="020" ind1=" " ind2=" ">
    <subfield code="c">365.00</subfield>
  </datafield>
  <datafield tag="035" ind1=" " ind2=" ">
    <subfield code="a">EN-86909</subfield>
  </datafield>
  <datafield tag="037" ind1=" " ind2=" ">
    <subfield code="b">DBAD/PUB</subfield>
  </datafield>
  <datafield tag="040" ind1=" " ind2=" ">
    <subfield code="a">DPL</subfield>
    <subfield code="b">Eng</subfield>
  </datafield>
  <datafield tag="082" ind1=" " ind2=" ">
    <subfield code="a">133.5</subfield>
  </datafield>
  <datafield tag="100" ind1=" " ind2=" ">
    <subfield code="9">32587</subfield>
    <subfield code="a">Raja, NVRA</subfield>
  </datafield>
  <datafield tag="245" ind1="1" ind2=" ">
    <subfield code="a">Stellar effects in astrology jeeva and sareera :</subfield>
    <subfield code="c">by  NVRA Raja</subfield>
    <subfield code="b">prediction techniques based on naadi principles /</subfield>
  </datafield>
  <datafield tag="260" ind1=" " ind2=" ">
    <subfield code="a">Secunderabad</subfield>
    <subfield code="b">JKR Astro-Research Foundation</subfield>
    <subfield code="c">2009</subfield>
  </datafield>
  <datafield tag="270" ind1=" " ind2=" ">
    <subfield code="a">101,Rockwell Apartment,Road No-6,Jyothi Colony Kakaguda,</subfield>
    <subfield code="b">Secunderabad</subfield>
    <subfield code="e">5000015</subfield>
    <subfield code="k">040-27740246</subfield>
  </datafield>
  <datafield tag="300" ind1="x" ind2=" ">
    <subfield code="a">xi,446p.</subfield>
    <subfield code="c">22cm (pbk)</subfield>
  </datafield>
  <datafield tag="500" ind1=" " ind2=" ">
    <subfield code="a">Includes bibliographical references </subfield>
  </datafield>
  <datafield tag="700" ind1=" " ind2=" ">
    <subfield code="9">33415</subfield>
  </datafield>
  <datafield tag="942" ind1=" " ind2=" ">
    <subfield code="a">dpl</subfield>
    <subfield code="c">EN</subfield>
    <subfield code="2">ddc</subfield>
    <subfield code="m">RAJ</subfield>
    <subfield code="h">133.5</subfield>
  </datafield>
  <datafield tag="999" ind1=" " ind2=" ">
    <subfield code="c">55853</subfield>
    <subfield code="d">55853</subfield>
  </datafield>
  <datafield tag="952" ind1=" " ind2=" ">
    <subfield code="0">0</subfield>
    <subfield code="1">0</subfield>
    <subfield code="2">ddc</subfield>
    <subfield code="4">0</subfield>
    <subfield code="7">0</subfield>
    <subfield code="8">NFIC</subfield>
    <subfield code="a">DBAD</subfield>
    <subfield code="b">DBAD</subfield>
    <subfield code="d">2011-08-23</subfield>
    <subfield code="e">DBAD/PUB</subfield>
    <subfield code="g">365.00</subfield>
    <subfield code="l">0</subfield>
    <subfield code="o">133.5RAJ</subfield>
    <subfield code="p">EN-86909</subfield>
    <subfield code="r">2011-08-23 00:00:00</subfield>
    <subfield code="t">1</subfield>
    <subfield code="v">365.00</subfield>
    <subfield code="y">EN</subfield>
  </datafield>
</record>
